Studise in An Inflationary Economy : (Record no. 3542)
[ view plain ]
| 000 -LEADER | |
|---|---|
| fixed length control field | 00624nam a22002177a 4500 |
| 001 - CONTROL NUMBER | |
| control field | 3542 |
| 003 - CONTROL NUMBER IDENTIFIER | |
| rucl marc code | BD-RjUL |
| 005 - DATE AND TIME OF LATEST TRANSACTION | |
| control field | 20211208233741.0 |
| 008 - FIXED-LENGTH DATA ELEMENTS--GENERAL INFORMATION | |
| fixed length control field | 131219r19661962un ||| |||| 001 0 eng d |
| 035 ## - SYSTEM CONTROL NUMBER | |
| System control number | (BD-RjUL)3576 |
| 040 ## - CATALOGING SOURCE | |
| Original cataloging agency | BD-RjUL |
| Language of cataloging | eng |
| Transcribing agency | BD-RjUL |
| 041 ## - LANGUAGE CODE | |
| Language code of text/sound track or separate title | eng |
| 082 04 - DEWEY DECIMAL CLASSIFICATION NUMBER | |
| Classification number | 332.414 |
| Author mark and year | PAS |
| 100 1# - MAIN ENTRY--PERSONAL NAME | |
| Personal name | Paisa, F.W |
| 9 (RLIN) | 11174 |
| 245 ## - TITLE STATEMENT | |
| Title | Studise in An Inflationary Economy : |
| Remainder of title | The United Kingdom 1948-1961 / |
| Statement of responsibility, etc. | F.W. Paisa |
| 260 ## - PUBLICATION, DISTRIBUTION, ETC. (IMPRINT) | |
| Place of publication, distribution, etc. | New York : |
| Name of publisher, distributor, etc. | Macmillan, |
| Date of publication, distribution, etc. | 1962 [Reprent 1966] |
| 300 ## - PHYSICAL DESCRIPTION | |
| Pagination | xiii,309p. ; |
| Size | 18cm. |
| 504 ## - BIBLIOGRAPHY, ETC. NOTE | |
| Bibliography, etc | Includes Index |
| 650 07 - SUBJECT ADDED ENTRY--TOPICAL TERM | |
| Source of heading or term | SLSH |
| Topical term or geographic name as entry element | Inflationary Economy : |
| 9 (RLIN) | 11175 |
| 942 ## - ADDED ENTRY ELEMENTS (KOHA) | |
| Source of classification or shelving scheme | Dewey Decimal Classification |
| Koha item type | Books |
| Lost status | Source of classification or shelving scheme | Damaged status | Not for loan | Collection code | Permanent Location | Current Location | Shelving location | Date acquired | Source of acquisition | Cost, normal purchase price | Total Checkouts | Full call number | Date last seen | Copy number | Koha item type |
|---|---|---|---|---|---|---|---|---|---|---|---|---|---|---|---|
| Dewey Decimal Classification | Non-fiction | Central Library, University of Rajshahi | Central Library, University of Rajshahi | 24/09/1973 | Ronncial Book Depo | 25.20 | 332.414 PAS 1966 | 19/12/2013 | C-11 | Books |